| LEADER | 00736nab#a2200313#ar4500 | ||
|---|---|---|---|
| 001 | 000008917 | ||
| 003 | SVKKK | ||
| 005 | 20030805094720.0 | ||
| 008 | 030805c1999 e sloo | ||
| FMT | |||
| 038 | |a SVKKK | ||
| 040 | |a SVKKK |b slo |e AACR2 | ||
| 041 | 0 | |a slo | |
| 080 | |a 796.3 |2 1981 | ||
| 100 | 1 | |a Tóth, Tomáš |4 aut | |
| 245 | 1 | 0 | |a Putovné poháre i peniažky ostali doma |c Tóth Tomáš, |
| 260 | |c 1999 | ||
| 650 | 0 | 4 | |a informácie |
| 650 | 0 | 4 | |a nohejbal |
| 650 | 0 | 4 | |a priebeh |
| 650 | 0 | 4 | |a roč. 2. |
| 650 | 0 | 4 | |a výsledky |z Košice |
| 773 | 0 | |t Košický večer |g Roč. 10, č. 229(1999), dát. 1129, s. 15 | |
| 957 | |a Košice | ||
| 974 | |a Cr | ||
| 992 | |a RBX | ||
| BAS | |||
| 852 | |a SVKKK |b BIB | ||
| 998 | |a REG | ||